| 000 | 00572cam a2200181 a 4500 | ||
|---|---|---|---|
| 001 | 000011806 | ||
| 005 | 20200929162555.0 | ||
| 008 | 741115s1968 pr b 000 0 spa | ||
| 040 |
_aDO-SdBNP _bspa _cLC _dBNPHU |
||
| 082 |
_a460.97295 _bF674r |
||
| 100 | 1 |
_aFonfrias, Ernesto Juan. _927956 |
|
| 245 | 1 | 0 |
_aRazón del idioma español en Puerto Rico / _cErnesto Juan Fonfrias. |
| 260 |
_aSan Juan, Puerto Rico : _bClub de la Prensa, _c1968. |
||
| 300 |
_a120 p. ; _c22 cm. |
||
| 650 | 4 |
_aEspañol en puerto rico. _918999 |
|
| 910 | _aCatalogación derivada | ||
| 049 | _aBNGR | ||
| 999 |
_c11480 _d11480 |
||